[Event "MCR mladeze, Kouty 2018 - D10"]
[Site "Kouty nad Desnou"]
[Date "2018.03.14"]
[Round "6"]
[White "Myskova, Veronika"]
[Black "Veverkova, Dorota"]
[Result "0-1"]
[WhiteElo "1135"]
[BlackElo "1086"]
[EventDate "2018.03.10"]

1. e4  e5  2. Nf3  Nc6
3. Bc4  Nf6  4. O-O
Bc5  5. Nxe5  Nxe5
6. d4  Nxc4  7. dxc5
d6  8. f3  Be6
9. Nc3  Qd7  10. f4  Bg4
11. Qd4  Na5  12. cxd6
Nc6  13. Qe3  O-O-O
14. b3  Nb4  15. Qxa7
cxd6  16. Na4  Qc6
17. Ba3  Nxc2  18. Rac1
Nxe4  19. Qa8+  Kd7
20. Qa7  Ke7  21. Qa5
Ra8  22. Qe5+  Kd7
23. Qxg7  Rag8  24. Qh6
f6  25. h3  Be2
26. Rxc2  Qxc2  27. Rc1  Qd2
28. Nb6+  Ke6  29. Rc5
Qe1+  30. Kh2  Qg3+
31. Kg1  Qxg2# 0-1

[Event "MCR mladeze, Kouty 2018 - D10"]
[Site "Kouty nad Desnou"]
[Date "2018.03.14"]
[Round "6"]
[White "Hladka, Leontyna"]
[Black "Reznickova, Sibyla"]
[Result "1-0"]
[WhiteElo "1078"]
[BlackElo "1101"]
[EventDate "2018.03.10"]

1. e4  c5  2. c3  e5
3. Nf3  Nc6  4. Be2
d6  5. O-O  Be6
6. d4  Nf6  7. d5  Bg4
8. dxc6  bxc6  9. Be3
d5  10. exd5  cxd5
11. Nxe5  Bxe2  12. Qxe2
Bd6  13. Qb5+  Nd7
14. Nxd7  Qxd7  15. Qxd7+
Kxd7  16. Nd2  Rhe8
17. Nb3  Re5  18. Rad1
Rh5  19. g3  Re8
20. Bxc5  Bc7  21. c4
d4  22. Bxd4  f5
23. Bxg7+  Kc8  24. Rd5
Rg8  25. Bc3  Rf8
26. Rc5  Kb7  27. Be5
Bb6  28. Rd5  Rg5
29. Bf4  Rg6  30. Rd7+
Ka6  31. Rxh7  Bd8
32. Rh6  Rfg8  33. h4
Rxh6  34. Bxh6  Bxh4
35. Rd1  Rg6  36. c5
Bf6  37. Bf4  Bxb2
38. Rd6+  Rxd6  39. cxd6
Ba3  40. Kg2  Kb6
41. Nd4 Kc5  42. Nxf5  a5
43. g4  Kc4  44. g5
Kc3  45. g6  Kb2
46. g7  Bxd6  47. Bxd6
a4  48. g8=Q  a3
49. Qb3+  Kc1  50. Bf4#
1-0

[Event "MCR mladeze, Kouty 2018 - D10"]
[Site "Kouty nad Desnou"]
[Date "2018.03.14"]
[Round "6"]
[White "Vojcakova, Cecilie"]
[Black "Hosova, Stella"]
[Result "1-0"]
[WhiteElo "1000"]
[BlackElo "1100"]
[EventDate "2018.03.10"]

1. d4  d5  2. Bf4  Bf5
3. e3  a6  4. c4
Nf6  5. Nc3  e6
6. cxd5  exd5  7. Bd3  Qc8
8. Nf3  Bxd3  9. Qxd3
Nc6  10. a3  Qg4
11. O-O  Nh5  12. g3
Rc8  13. Nxd5  Qxf3
14. Nxc7+  Kd8  15. Qc4
Rxc7  16. Bxc7+  Kxc7
17. d5  Kb6  18. dxc6
bxc6  19. a4  Kb7
20. a5  c5  21. Qb3+
Kc8  22. Rfd1  Be7
23. Re1  Nf6  24. Qb6
Ng4  25. Qxa6+  Kd8
26. Qe2  Qf5  27. a6
Qh5  28. f3  Nf6
29. a7  Kc7  30. a8=Q
Rxa8  31. Rxa8  Qd5 32. Qa6
Kd7  33. Qb6  c4
34. Ra7+  Ke8  35. Qd4
Qb5  36. Ra8+  Bd8 37. Qxd8# 1-0

[Event "MCR mladeze, Kouty 2018 - D10"]
[Site "Kouty nad Desnou"]
[Date "2018.03.14"]
[Round "6"]
[White "Barteckova, Denisa"]
[Black "Stavova, Marketa"]
[Result "1-0"]
[WhiteElo "1091"]
[BlackElo "1004"]
[EventDate "2018.03.10"]

1. e4  e5  2. Nf3  Nc6
3. Nc3  Nf6  4. Bb5
d6  5. d3  Be7
6. Bg5  O-O  7. O-O  Bg4
8. h3  Bh5  9. Bxf6
Bxf6  10. g4  Bg6
11. h4  Bxh4  12. Qd2
Qd7  13. Nh2  Rae8
14. f4  Bg3  15. f5
Bf4  16. Qg2  Bxf5
17. exf5  Be3+  18. Kh1
a6  19. Bc4  b5
20. Bd5  Nb4  21. Bb3  a5
22. a3  Nc6  23. Nxb5
Ne7  24. Nc3  c6
25. Nf3  Kh8  26. Qh3
f6  27. Nh4  h6
28. Qxe3  d5  29. d4  Nc8
30. Ng6+  Kh7  31. Nxf8+
Rxf8  32. dxe5  d4
33. Qh3  dxc3  34. bxc3
fxe5  35. Qh5  Qb7
36. Qg6+  Kh8  37. Kh2
Ne7  38. Qh5  Qc7
39. Kh3  e4  40. g5
Nxf5  41. Rg1  Qf4
42. Raf1  Qe3+  43. Kh2
Qd2+ 44. Kh1 Ng3+  45. Rxg3
Rxf1+  46. Rg1  Rxg1+  47. Kxg1
Qe3+  48. Kh2  Qf4+
49. Kg2  e3  50. Qe8+
Qf8  51. Qxf8+  Kh7
52. Bg8+  Kg6  53. Qf7+
Kxg5  54. Qxg7+  Kf4
55. Qg3+  Ke4  56. Bh7+
Kd5 57. Qxe3 a4  58. Be4+  Ke6
59. Kg3  Kd7  60. Bf5+
Kc7  61. Qd4  h5
62. Qa7+  Kd6  63. Be4
h4+  64. Kxh4  c5
65. Qb8+  Ke6  66. Kg5
c4  67. Bf5+  Kd5
68. Qd8+  Kc6  69. Be4+
Kc5  70. Qd5+  Kb6
71. Kf6  Ka6  72. Qxc4+
Ka5  73. Qb4+  Ka6
74. c4  Ka7  75. Qb7#
1-0

[Event "MCR mladeze, Kouty 2018 - D10"]
[Site "Kouty nad Desnou"]
[Date "2018.03.14"]
[Round "6"]
[White "Mrazova, Vendula"]
[Black "Zamarska, Natalie"]
[Result "1/2-1/2"]
[WhiteElo "1100"]
[BlackElo "1000"]
[EventDate "2018.03.10"]

1. e4  e5  2. Nf3  Nc6
3. Bb5  d5  4. exd5
Qxd5  5. Nc3  Qe6
6. d4  exd4+  7. Ne2
Bb4+  8. Bd2  a6
9. Bxc6+  Qxc6  10. Nexd4
Qe4+  11. Qe2  Qxe2+
12. Nxe2  Bg4  13. Bxb4
a5  14. Ne5  Bxe2
15. Bc3  f6  16. Nf3
Bxf3  17. gxf3  O-O-O 18. Bxa5
Re8+  19. Kd1  b6
20. Re1  Rd8+  21. Bd2
Ne7  22. Rxe7  Rhe8 23. Rxe8
Rxe8  24. a4  c6  25. a5
bxa5  26. Rxa5  Kc7
27. Bf4+  Kb6 28. b4 g5  29.
Be3+  Kb7  30. Ra7+  Kb8
31. c4  h5  32. b5
cxb5  33. cxb5  f5
34. b6  f4  35. Bd4
Rd8  1/2-1/2

[Event "MCR mladeze, Kouty 2018 - D10"]
[Site "Kouty nad Desnou"]
[Date "2018.03.14"]
[Round "6"]
[White "Pecova, Melisa"]
[Black "Svrchokrylova, Ludmila"]
[Result "0-1"]
[WhiteElo "1000"]
[BlackElo "1100"]
[EventDate "2018.03.10"]

1. e4  e5  2. Nf3  Nc6
3. Bc4  Nf6  4. Nc3
Bc5  5. d3  h6
6. O-O  d6  7. Bd2  Bg4
8. h3  Bd7  9. Nb5
a6  10. Nc3  Qe7
11. Nd5  Qd8 12. Nxf6+  Qxf6
13. a3  O-O-O  14. b4
Ba7  15. b5  Qg6
16. bxc6  Bxh3  17. g3
Qxg3+  18. Kh1 Qg2# 0-1

[Event "MCR mladeze, Kouty 2018 - D10"]
[Site "Kouty nad Desnou"]
[Date "2018.03.14"]
[Round "6"]
[White "Souralova, Jana"]
[Black "Barteckova, Valerie"]
[Result "1-0"]
[WhiteElo "1016"]
[BlackElo "1080"]
[EventDate "2018.03.10"]

1. e4  e5  2. Nf3  Nc6
3. Nc3  Nf6  4. Bb5
Bb4  5. a3  Ba5
6. O-O  d6  7. Nd5  Nxe4
8. d3  Nf6  9. Bg5
a6  10. Bxc6+  bxc6
11. Bxf6  gxf6  12. Nb4
c5  13. Nc6  Qd7
14. Nxa5  Rg8  15. Nh4
Qg4  16. Qxg4  Rxg4
17. Nf3  Bf5  18. h3
Rg8  19. Kh1  e4
20. dxe4  Bxe4  21. Rae1
d5  22. Nb3  O-O-O
23. Nxc5  Bxc2  24. Re7
d4  25. Nxa6  Bd3
26. Rxc7#  1-0

[Event "MCR mladeze, Kouty 2018 - D10"]
[Site "Kouty nad Desnou"]
[Date "2018.03.14"]
[Round "6"]
[White "Stavova, Lucie"]
[Black "Archlebova, Stela"]
[Result "0-1"]
[WhiteElo "1000"]
[BlackElo "1033"]
[EventDate "2018.03.10"]

1. e4  e5  2. Nf3  Nc6
3. Nc3  Nf6  4. d4
exd4  5. Nxd4  d5
6. e5  Nxe5  7. Bf4
Qe7  8. Bb5+  c6
9. Nxc6  bxc6  10. Nxd5
Nxd5 11. Bxc6+  Nxc6+  12. Qe2
Qxe2+  13. Kxe2  Nxf4+
14. Kf1  Ba6+  15. Kg1
Ne2+  16. Kf1  Ng3+
17. Kg1  Nxh1 18. Kxh1 O-O-O
19. a3  Be2  20. g3  Rd1+
21. Rxd1  Bxd1  22. c3
Bf3+  23. Kg1  Bxa3
24. bxa3  Rd8  25. h3
Rd3  26. c4  Rxa3
27. g4  Ra1+  28. Kh2
Rc1  29. Kg3  a5
30. Kxf3  a4  31. Ke2
a3  32. Kd2  Rxc4
33. Ke2  a2  34. Kf3
a1=Q  35. h4  Qa3+
36. Kg2  Qd3  37. f3
Rc3  38. Kg1  Qd2
0-1

[Event "MCR mladeze, Kouty 2018 - D10"]
[Site "Kouty nad Desnou"]
[Date "2018.03.14"]
[Round "6"]
[White "Kubickova, Linda"]
[Black "Vojcakova, Anastazie"]
[Result "0-1"]
[WhiteElo "1000"]
[BlackElo "1000"]
[EventDate "2018.03.10"]

1. e4  Nf6  2. e5  Nd5
3. Bc4  Nb6  4. Bb5
e6  5. Qh5  Bc5
6. Bd3  Nd5  7. Bxh7  Nf4
8. Qf3  Nd5  9. Qh3
Nc6  10. Nc3  Nxc3
11. dxc3  Nxe5  12. Bf4
Ng6  13. Bxg6  Rxh3
14. gxh3  fxg6  15. h4
Qxh4  16. Bg3  Qe7
17. Nf3  d6  18. Bh4
Qf8  19. Nd2  Bd7
20. Rf1  Bb5  21. c4
Bc6  22. O-O-O  d5
23. Nb3  Be7  24. Bg3
O-O-O  25. Na5  Bd7
26. f4  dxc4  27. Nxc4
Bb5  28. b3  Rxd1+
29. Kxd1  Qd8+  30. Kc1
Bxc4  31. bxc4  Ba3+
32. Kb1  Qd4  33. Bf2
Qb2#  0-1

[Event "MCR mladeze, Kouty 2018 - D10"]
[Site "Kouty nad Desnou"]
[Date "2018.03.14"]
[Round "6"]
[White "Barteckova, Nikol"]
[Black "Hujerova, Melisa"]
[Result "0-1"]
[WhiteElo "1000"]
[BlackElo "1000"]
[EventDate "2018.03.10"]

1. e4  e5  2. Nf3  Nf6
3. Nc3  Bc5  4. d3
Ng4  5. Bg5  f6
6. Bh4  d6  7. Be2  Be6
8. O-O  Nc6  9. h3
Nh6  10. Nh2  Qd7
11. Bh5+  g6  12. Bf3
O-O-O  13. Bxf6  Rhf8
14. Bg5  Nf7  15. Ng4
Nxg5  16. Be2  h5
17. Nh6  Rh8  18. Nf7
Bxf7  19. Qd2  Qe7
20. Rad1  Bb4  21. Qe1
Qf6  22. a3  Ba5
23. b4  Bb6  24. a4
a5  25. b5 Ne7  26. Nd5
Nxd5  27. exd5  Bxd5 28. c4 Be6
29. c5  Bxc5 30. Qxa5 Bd5  31.
d4  exd4  32. Bf3  Nxf3+ 33. gxf3
Bxf3  34. Rc1  Qg5+  35. Kh2
Qg2# 0-1

[Event "MCR mladeze, Kouty 2018 - D10"]
[Site "Kouty nad Desnou"]
[Date "2018.03.14"]
[Round "6"]
[White "Souralova, Alena"]
[Black "Kosarova, Eliska"]
[Result "0-1"]
[WhiteElo "1000"]
[BlackElo "1000"]
[EventDate "2018.03.10"]

1. e4  e5  2. Nf3  Nc6
3. Nc3 Nf6 4. d3  d6  5. Bg5
h6 6. Bxf6  Qxf6  7. Be2
Be6  8. O-O  O-O-O
9. Qd2  d5  10. exd5
Bxd5  11. a3  Be6
12. b4  Nd4  13. Rab1
Nxe2+  14. Qxe2  Bg4
15. Ne4  Qb6  16. Rb3
g5  17. Qd2  f5
18. Qc3  fxe4 19. dxe4 Bd6  20. Ne1
Be2  21. Qd2  Bxf1
22. Kxf1 Rdf8  23. Qe2  Rf6
24. Qg4+  Kb8  25. Qd7
Rhf8  26. a4  Qxf2# 0-1

[Event "MCR mladeze, Kouty 2018 - D10"]
[Site "Kouty nad Desnou"]
[Date "2018.03.15"]
[Round "7"]
[White "Janouskova, Adela"]
[Black "Hladka, Leontyna"]
[Result "1-0"]
[WhiteElo "1399"]
[BlackElo "1078"]
[EventDate "2018.03.10"]

1. e4  e5  2. Nf3  Nc6
3. Nc3  Nf6  4. d4
exd4  5. Nxd4  Bb4
6. Nxc6  bxc6  7. Bd3
O-O  8. O-O  Bxc3
9. bxc3  Re8  10. Bg5
d5  11. f3  c5
12. exd5  Qxd5  13. Bxf6  Be6
14. Bh4  Rab8  15. Be4
Qc4  16. Qd3  Qa4
17. Bf2  c4  18. Qe3
Bd7  19. Qxa7  Qxa7
20. Bxa7  Rb2  21. Rfb1
Rxb1+  22. Rxb1  Rc8
23. Rb8  Rxb8  24. Bxb8
c6  25. a4  f5
26. Bxf5  Bxf5  27. a5  Bc8
28. Kf2  Kf7  29. Ke3
Ke6  30. Ke4  Bb7
31. Kd4  g6  32. Kc5
h5  33. Kb6  Bc8
34. a6  Bxa6  35. Kxa6
g5  36. Kb6  Kd5
37. g3  g4  38. f4
c5  39. Be5  Ke4
40. Bg7  Kf3  41. f5
Kg2  42. Be5  Kxh2
43. f6  h4  44. gxh4+
Kh1  45. f7  1-0

[Event "MCR mladeze, Kouty 2018 - D10"]
[Site "Kouty nad Desnou"]
[Date "2018.03.15"]
[Round "7"]
[White "Hrbkova, Johana"]
[Black "Dudkova, Josefina"]
[Result "0-1"]
[WhiteElo "1093"]
[BlackElo "1182"]
[EventDate "2018.03.10"]

1. d4  Nf6  2. Nc3  d5
3. Bg5  Nc6  4. e3
Bf5  5. Bd3  Bxd3 6. cxd3
e6  7. Nf3  Be7
8. O-O  O-O  9. Ne5  Nxe5
10. dxe5  Nd7  11. Bxe7
Qxe7  12. d4  c5
13. Rc1  Rac8  14. Qf3
cxd4  15. exd4  Qb4
16. Rfd1  Qxb2  17. Qe3
Rc7  18. Na4  Qxa2
19. Rxc7  Qxa4  20. Rdc1
b6  21. Qg5  f6
22. Qg4  Re8  23. exf6  g6
24. Qh4  Rf8  25. Rc8
Rxc8  26. Rxc8+  Kf7
27. Qxh7+  Kxf6  28. h3
e5  29. Rc7  Ke6
30. dxe5  Nxe5  31. f4
Qxf4  32. Rxa7  d4
33. Ra6  d3  34. Rxb6+
Kf5  35. Rb1  Qe3+
36. Kh2  Qe2  37. Rb8
d2  38. Rf8+  Ke4
39. Qb7+  Ke3  0-1

[Event "MCR mladeze, Kouty 2018 - D10"]
[Site "Kouty nad Desnou"]
[Date "2018.03.15"]
[Round "7"]
[White "Zadrapova, Amalie"]
[Black "Cinkova, Vicky"]
[Result "1-0"]
[WhiteElo "1141"]
[BlackElo "1100"]
[EventDate "2018.03.10"]

1. e4  c5  2. Nf3  Nc6
3. d4  cxd4  4. Nxd4
g6  5. Nc3  Bg7
6. Be3  Nf6  7. f3  O-O
8. Qd2  Qb6  9. O-O-O
Rd8  10. Nf5  Qb4
11. Nxg7  Kxg7  12. h4
Kf8  13. h5  d5
14. hxg6  d4  15. Bh6+  Ke8
16. gxf7+  Kxf7  17. Nd5
Qxd2+  18. Rxd2  Nxd5
19. exd5  Nb4  20. Rxd4
Nxd5  21. c4  e5
22. Rxd5  Bd7  23. Bg5
Rg8  24. Rxd7+  Ke6
25. Re7+  Kd6  26. Bf6
Raf8  27. Rg7  Rh8
28. Be7+  1-0

[Event "MCR mladeze, Kouty 2018 - D10"]
[Site "Kouty nad Desnou"]
[Date "2018.03.15"]
[Round "7"]
[White "Hetfleischova, Elen"]
[Black "Sikorova, Jana"]
[Result "1-0"]
[WhiteElo "1250"]
[BlackElo "1295"]
[EventDate "2018.03.10"]

1. e4  c5  2. b4  b6
3. Bc4  e6  4. bxc5
bxc5  5. e5  f6
6. f4  Qc7  7. Nf3  Bb7
8. O-O  Bxf3  9. Qxf3
Nc6  10. c3  Rb8
11. d3  Be7  12. Be3
fxe5  13. fxe5  Nxe5
14. Qg3  Bf8  15. Bf4
d6  16. Bxe6  Nf6
17. Nd2  g6  18. Bxe5
dxe5  19. Rxf6  Rb6
20. Raf1  Be7  21. Bf7+
Kd8  22. Rxb6  axb6
23. Bb3  Bd6  24. Qg5+
Be7  25. Qg4  Qd6
26. Nc4  Qxd3  27. Rd1
Qxd1+  28. Qxd1+  Ke8
29. Nxe5  Bg5  30. Qd7+
Kf8  31. Qf7# 1-0

[Event "MCR mladeze, Kouty 2018 - D10"]
[Site "Kouty nad Desnou"]
[Date "2018.03.15"]
[Round "7"]
[White "Dobsa, Emma"]
[Black "Vojcakova, Cecilie"]
[Result "1-0"]
[WhiteElo "1195"]
[BlackElo "1000"]
[EventDate "2018.03.10"]

1. e4  Nf6  2. e5  Nd5
3. c4  Nb6  4. c5
Nd5  5. Nc3  Nxc3
6. dxc3  e6  7. Qg4
g6  8. Be3  Nc6
9. Nf3  d6  10. Rd1  Be7
11. Bf4  O-O  12. Be2
b6  13. cxd6  cxd6
14. O-O  Qc7  15. exd6
Qd7  16. dxe7  Qxe7
17. Bd6  Qe8  18. Bxf8
Qxf8  19. Qe4  Bb7
20. Bb5  Na5  21. Qb4
Qxb4  22. cxb4  Bc6
23. Bxc6  Nxc6  24. b5
Nb4  25. a4  a6
26. bxa6  Rxa6  27. b3  Ra5
28. Rd7  Rd5  29. Rxd5
Nxd5  30. Rd1  Nc3
31. Rd7  b5  32. axb5
Nxb5  33. Ng5  f6
34. Nxe6  f5  35. Rg7+
Kh8  36. Rb7  Nd6
37. Rb8+  Nc8  38. Rxc8#
1-0

[Event "MCR mladeze, Kouty 2018 - D10"]
[Site "Kouty nad Desnou"]
[Date "2018.03.15"]
[Round "7"]
[White "Veverkova, Dorota"]
[Black "Barteckova, Denisa"]
[Result "1-0"]
[WhiteElo "1086"]
[BlackElo "1091"]
[EventDate "2018.03.10"]

1. e4  e5  2. Nf3  Nc6
3. Bc4  Nf6  4. Ng5
d5  5. exd5  Na5
6. Bb5+  c6  7. dxc6
bxc6  8. Be2  h6
9. Nf3  e4  10. Ne5
Bc5  11. Nc3  Qd4
12. O-O  Qxe5  13. a3
Bd6  14. f4  Qc5+
15. Kh1  Qb6  16. d4
c5  17. dxc5  Bxc5
18. b4  Bxb4  19. Bb5+
Kf8  20. axb4  Nc6
21. Qd6+  Kg8  22. Qxc6
Qxc6  23. Bxc6  Rb8
24. Nxe4  Nxe4  25. Bxe4
Rxb4  26. Bd3  Rb7
27. Re1  Be6  28. Be3
g5  29. Reb1  Rxb1+
30. Rxb1  Kg7  31. Bd4+
f6  32. Rb7+  Kf8
33. Bxf6  Rg8  34. Bh7
Bd5  35. Rxa7  gxf4
36. Bxg8  Kxg8  37. Rc7
Kf8  38. c4  Be6
39. Kg1  Bf5  40. Kf2
h5  41. Kf3  Bg4+
42. Kxf4  Kg8  43. Kg5
Kf8  44. Bg7+  Ke8
45. Kf6  Bd7  46. Ke5
Kd8  47. Kd6  Bf5
48. Rf7  Bg6  49. Rf8+
Be8  50. Bf6+  Kc8
51. Rxe8+  Kb7  52. c5
h4  53. c6+  Ka6
54. Rb8  Ka7  55. c7
Ka6  56. c8=Q+  Ka5
57. Qc5+  Ka4  58. Qb4# 1-0

[Event "MCR mladeze, Kouty 2018 - D10"]
[Site "Kouty nad Desnou"]
[Date "2018.03.15"]
[Round "7"]
[White "Svrchokrylova, Ludmila"]
[Black "Filipova, Vanesa"]
[Result "0-1"]
[WhiteElo "1100"]
[BlackElo "1247"]
[EventDate "2018.03.10"]

1. e4  e5  2. Nf3  Nc6
3. Bc4  Nf6  4. d3
h6  5. Be3  d5
6. exd5  Nxd5  7. Bd2  Bg4
8. Nc3  Be6  9. Qe2
f6  10. Bb5  Qd6
11. d4  O-O-O  12. dxe5 fxe5 13.
O-O-O  Bg4  14. h3  Bh5
15. Bd3  Nd4  16. Nxd4
Bxe2  17. Bf5+  Kb8
18. Rde1  exd4  19. Ne4
Qa6  20. Kb1  Bb4 0-1

[Event "MCR mladeze, Kouty 2018 - D10"]
[Site "Kouty nad Desnou"]
[Date "2018.03.15"]
[Round "7"]
[White "Vojcakova, Anastazie"]
[Black "Myskova, Veronika"]
[Result "0-1"]
[WhiteElo "1000"]
[BlackElo "1135"]
[EventDate "2018.03.10"]

1. d4  d5  2. Bf4  Nf6
3. e3  Nc6  4. c4
Bf5  5. cxd5  Nxd5
6. Bg3  e6  7. Bd3
Bb4+  8. Nc3  Nxc3
9. bxc3  Bxc3+  10. Kf1
Bxa1  11. Bxf5  exf5
12. Qxa1  O-O  13. Qb1
b6  14. Nf3  Qe7
15. Qxf5  Nb4  16. Bh4
Qd6  17. Ng5  g6
18. Qb1  a5  19. a3
Nd5  20. Qb3  a4
21. Qa2  c6  22. Ne4
Qe6  23. Qb1  Ra5
24. f3  Rb5 25. Qc1  Rc8
26. Bf2  c5  27. dxc5
bxc5  28. Nc3  Nxc3
29. Qxc3  Qa2  30. Qe5
Rb2  31. Bg3  Rxg2
32. Bh4  Qe2#  0-1

[Event "MCR mladeze, Kouty 2018 - D10"]
[Site "Kouty nad Desnou"]
[Date "2018.03.15"]
[Round "7"]
[White "Reznickova, Sibyla"]
[Black "Micova, Barbora"]
[Result "1-0"]
[WhiteElo "1101"]
[BlackElo "1000"]
[EventDate "2018.03.10"]

1. d4  d5  2. c4  Nf6
3. cxd5  Nxd5  4. e4
Nf6  5. Nc3  Bg4
6. Nf3  e6  7. Bg5
Be7  8. Bc4  O-O
9. h3  Bh5  10. O-O
Nc6  11. Re1  h6
12. Bf4  Bd6  13. e5
Bb4  14. exf6  Qxf6
15. Be5  Nxe5  16. dxe5
Qe7  17. Rc1  Rad8
18. Qe2  Rd7  19. a3
Ba5  20. b4  Bb6
21. Qe4  Bg6  22. Qg4
Rfd8  23. Ne2  a5
24. Nf4  axb4  25. axb4
c5  26. bxc5  Bxc5
27. h4  Bb4  28. Rf1
Bf5  29. Qg3  Rc7
30. Nh5  Bg6  31. Nf6+
gxf6  32. h5  fxe5
33. hxg6  fxg6  34. Qxg6+
Qg7  35. Bxe6+  Kf8
36. Qf5+  Ke8  37. Rxc7
Qxc7  38. Nxe5  Bc3
39. Bf7+ Kf8  40. Be6+  Ke8
41. Rc1  1-0

[Event "MCR mladeze, Kouty 2018 - D10"]
[Site "Kouty nad Desnou"]
[Date "2018.03.15"]
[Round "7"]
[White "Archlebova, Stela"]
[Black "Souralova, Jana"]
[Result "1/2-1/2"]
[WhiteElo "1033"]
[BlackElo "1016"]
[EventDate "2018.03.10"]

1. e4  e5  2. Bc4  Nf6
3. Nc3  Nxe4  4. Nxe4
d5  5. Bd3  dxe4
6. Bxe4  Bd6  7. Qf3
O-O  8. Bxb7  Bxb7
9. Qxb7  Nd7  10. Qf3
Qf6  11. d3  Qxf3
12. Nxf3  Rab8  13. d4
exd4  14. Nxd4  Be5
15. Nc6  Rb7  16. Nxe5
Nxe5  17. Bf4  Ng6
18. Be3  Re8  19. O-O-O
h6  20. Rhe1  Ne5
21. Bf4  Rb5  22. c4
Rc5  23. Rd5  Rxc4+
24. Kb1  Rxf4  25. Rdxe5
Rxe5  26. Rxe5  Rxf2
27. Re8+  Kh7  28. Re7
Rf1+  29. Kc2  Rf2+
30. Kc3  f6  31. Rxc7
Rxg2  32. a4  Rxh2
33. Rxa7  Rh3+  34. Kc4
f5  35. Rf7  Kg6
36. Rf8  Rh4+  37. Kb5
f4  1/2-1/2

[Event "MCR mladeze, Kouty 2018 - D10"]
[Site "Kouty nad Desnou"]
[Date "2018.03.15"]
[Round "7"]
[White "Hosova, Stella"]
[Black "Mrazova, Vendula"]
[Result "1-0"]
[WhiteElo "1100"]
[BlackElo "1100"]
[EventDate "2018.03.10"]

1. e4  e5  2. Nc3  Nc6
3. f4  exf4  4. d4
Nf6  5. Bxf4  Bd6
6. e5  Nh5  7. Qxh5
Bb4  8. Bc4  g6
9. Qh6  d6  10. Qg7  Rf8
11. Qxh7  Nxd4  12. Bb3
Nxb3  13. axb3  Qd7
14. Qh4  Qc6  15. Qg3
g5  16. Bxg5  dxe5
17. Qxe5+  Be6  18. Nf3
f6  19. Bxf6  Qd5
20. O-O  Bc5+  21. Kh1
Bd6  22. Nxd5 Bxe5 23. Nxe5 Bxd5 24. Rae1
Rxf6  25. Rxf6  O-O-O
26. c4  Bg8  27. h4
Bh7  28. g4  Rd2
29. g5  Rd4  30. Rh6
Be4+  31. Kg1  Bc2
32. Rh8+  Rd8  33. Rxd8+
Kxd8  34. h5  Bh7
35. g6  Bxg6  36. hxg6
Ke8  37. Nc6+  Kf8
38. Nxa7  Kg7  39. Re6
Kf8  40. Re3  Kg8
41. Rg3  c6  42. g7
c5  43. Rg6  b6
44. Rg3 b5 45. Nxb5  Kf7  46. g8=Q+
Kf6  47. Rf3+  Ke5
48. Qe8#  1-0

[Event "MCR mladeze, Kouty 2018 - D10"]
[Site "Kouty nad Desnou"]
[Date "2018.03.15"]
[Round "7"]
[White "Stavova, Marketa"]
[Black "Zamarska, Natalie"]
[Result "1-0"]
[WhiteElo "1004"]
[BlackElo "1000"]
[EventDate "2018.03.10"]

1. e4  e5  2. Nf3  Nc6
3. Bc4  Nf6  4. d3
d6  5. O-O  Be7
6. Nc3  O-O  7. Be3  Bg4
8. d4  exd4  9. Bxd4
Nxd4  10. Qxd4  c5
11. Qd1  Be6  12. Bb3
c4  13. Ba4  Bd7
14. Bxd7  Qxd7  15. b3
cxb3  16. axb3  Rac8
17. Nd5  Nxd5  18. exd5
Qg4  19. Ra4  Qg6
20. Re1  Rfe8  21. Rxa7
Rxc2  22. Rxb7  Bg5
23. Rxe8# 1-0

[Event "MCR mladeze, Kouty 2018 - D10"]
[Site "Kouty nad Desnou"]
[Date "2018.03.15"]
[Round "7"]
[White "Barteckova, Valerie"]
[Black "Pecova, Melisa"]
[Result "1-0"]
[WhiteElo "1080"]
[BlackElo "1000"]
[EventDate "2018.03.10"]

1. e4  e5  2. Nf3  Nc6
3. Nc3  Bc5  4. Bb5
Nf6  5. d3  Ng4
6. Be3  d6  7. Bxc5  dxc5
8. h3  a6  9. Bxc6+
bxc6  10. hxg4 Bxg4  11. Na4
Qd6  12. Rh4  h5
13. c3  O-O  14. d4
Rad8  15. dxe5  Qe7
16. Qe2  Qxh4  17. Nxh4
Bxe2  18. Kxe2  Rfe8
19. Rd1  Rxd1  20. Kxd1
Rd8+  21. Kc2  g5
22. Nf3  g4  23. Nh2
Kh8  24. Nxc5  Rg8
25. e6  h4  26. exf7
Rf8  27. Nxg4  Rxf7
28. f3  a5  29. Nh6
Rh7  30. Ng4  Rh5
31. Ne6  Rb5  32. Nxc7
h3  33. gxh3  Rh5
34. e5  Rxh3  35. e6
Rxf3  36. e7  Re3
37. Nxe3  Kg7  38. e8=Q
c5  39. Nf5+  Kf6
40. Qf8+  Kg6  41. Qxc5
Kf7  42. Qxa5  Kf8
43. b4  Kf7  44. b5 Kg8
45. b6  Kf8  46. b7
Kf7  47. b8=Q Kf6  48. Qbb6+
Kf7  49. Nh6+  Ke7
50. Nd5+  Kd7  51. Qaa7+
Kc8  52. Qbb8#  1-0

[Event "MCR mladeze, Kouty 2018 - D10"]
[Site "Kouty nad Desnou"]
[Date "2018.03.15"]
[Round "7"]
[White "Hujerova, Melisa"]
[Black "Stavova, Lucie"]
[Result "1-0"]
[WhiteElo "1000"]
[BlackElo "1000"]
[EventDate "2018.03.10"]

1. e4  e5  2. Bc4  Bc5
3. Nc3  Nf6  4. Nf3
Nc6  5. d3  O-O
6. Bg5 Re8  7. Qe2  d6 8. Nh4 Bg4 9. f3
Be6  10. O-O-O Nd4 11. Qf2  Nb3+
12. cxb3  Bxf2  13. Rhf1
Bc5  14. f4  h6
15. Rf3  Bg4  16. Rg3  Bxd1
17. Kxd1  Rc8  18. Ng6
b6  19. b4  Bf2
20. Rh3  c6  21. f5  Nh7
22. Bxd8  Rexd8  23. Ne2
b5  24. Bb3  Ng5
25. Rh5  1-0

[Event "MCR mladeze, Kouty 2018 - D10"]
[Site "Kouty nad Desnou"]
[Date "2018.03.15"]
[Round "7"]
[White "Barteckova, Nikol"]
[Black "Souralova, Alena"]
[Result "0-1"]
[WhiteElo "1000"]
[BlackElo "1000"]
[EventDate "2018.03.10"]

1. e4  e5  2. Nf3  Nc6
3. Bc4  Bc5  4. O-O
Nf6  5. Ng5  d5
6. exd5  O-O 7. Nc3 h6  8. Nf3
Bb4  9. Na4 Bg4  10. d3  Nd4 11.
Bd2  Bxd2 12. Qxd2 Bxf3  13. gxf3
Nxf3+  14. Kh1  Nxd2
15. Rfd1 Nxc4  16. dxc4  Qe8
17. c5  c6  18. d6
e4  19. d7  Qd8
20. Kg2  Nxd7  21. Rd2  Qe7 22.
Rad1  Rad8  23. Re1  Rfe8
24. Rde2  b6  25. cxb6
axb6  26. f3  Qg5+
27. Kh3  Qf5+  28. Kg2
Ne5  29. fxe4  Qf4
30. Rf1 Qg4+  31. Kf2  Ra8 32.
Rg1  Qf4+  33. Kg2  Rxa4
34. b3  Rxe4  35. Rf1
Qg4+  36. Kf2  Rxe2# 0-1

[Event "MCR mladeze, Kouty 2018 - D10"]
[Site "Kouty nad Desnou"]
[Date "2018.03.15"]
[Round "7"]
[White "Kosarova, Eliska"]
[Black "Kubickova, Linda"]
[Result "1-0"]
[WhiteElo "1000"]
[BlackElo "1000"]
[EventDate "2018.03.10"]

1. e4  e5  2. Qh5  g6
3. Qxe5+  Qe7  4. Qxh8
Qxe4+  5. Ne2  Qxc2
6. Qxg8  Nc6  7. Nec3
Qf5  8. Bc4  Nb4
9. Bb3  d5  10. d4
Be6  11. O-O  f6
12. Qxh7  O-O-O  13. Qh4
Qg4  14. Qxf6  Be7
15. Qf3  Qxf3  16. gxf3
Rg8  17. Re1  Bd6
18. Rxe6  Bf8  19. Ba4
g5  20. Re8#  1-0